000 01026cam a2200289 a 4500
001 2789046
003 ARRUPE
005 20150120135627.0
008 810428r1982 caua b s001 0 eng
010 _a 81040327
020 _a0520045548
020 _a0520045556 (pbk.)
040 _aDLC
_cDLC
_dDLC
050 0 0 _aQC507
_b.H482 1982
082 0 0 _a537/.09032
_219
100 1 _aHeilbron, J. L.
_914331
245 1 0 _aElements of early modern physics /
_cJ.L. Heilbron.
260 _aBerkeley :
_bUniversity of California Press,
_cc1982.
300 _axii, 301 p. :
_bill. ;
_c24 cm.
500 _aChapters 1 and 2 reprinted with minor corrections from the author's Electricity in the 17th and 18th centuries. Chapter 3 condenses and updates original account of electricity.
500 _aIncludes index.
504 _aBibliography: p. [241]-283.
650 0 _aElectricity
_xHistory.
_914332
650 0 _aPhysics
_xHistory.
_913654
906 _a7
_bcbc
_corignew
_d1
_eocip
_f19
_gy-gencatlg
942 _2lcc
_cMONOGRAPH
999 _c121801
_d121801